| 000 | 01091nam a2200277Ia 4500 | ||
|---|---|---|---|
| 008 | 130821s2001 enk gr eng | ||
| 020 | _a0521567823 | ||
| 040 |
_aCo-BoUCM _bspa |
||
| 041 | 0 | 0 | _aeng |
| 100 | 1 |
_aTönnies, Ferdinand _d1855-1936. _9161706 |
|
| 245 | 0 | 0 |
_aCommunity and civil society _cFerdinand Tönnies ; Editado por Jose Harris ; traducido por Jose Harris and Margaret Hollis |
| 260 |
_aCambridge (Inglaterra) _bCambridge University Press _c2001 |
||
| 300 | _a266 páginas | ||
| 490 | _aCambridge Texts in the History of Political Thought. | ||
| 504 | _aIncluye bibliografía e índice. | ||
| 650 | 0 | 4 |
_aEstructura social _915153 |
| 650 | 0 | 4 |
_aFilosofía de la sociología _915777 |
| 650 | 0 | 4 |
_aSociedad civil _924718 |
| 650 | 0 | 4 |
_aSociología política _924810 |
| 650 | 0 | 4 |
_aSociología _9386 |
| 700 | 1 |
_aHarris, José _eed.?NOAUTORIZADA _9161707 |
|
| 765 | _aGemeinschaft und Gesellschaft. | ||
| 856 | 4 | 1 |
_aTabla de Contenido _u http://www.loc.gov/catdir/toc/cam022/00046753.html |
| 942 |
_cLIBRO _a5 _e1 _mT666c _2DEWEY _h305 |
||
| 999 |
_c44986 _d44986 |
||